3 Biggest Cities in each Region of North Macedonia - Statistics

General Stats
  • This quiz has been taken 17 times
  • The average score is 16 of 24
Answer Stats
Region + Rank Population City % Correct
Pelagonia 1 106,182 Bitola
94%
Northeastern 1 101,120 Kumanovo
94%
Pelagonia 2 64,018 Prilep
94%
Skopje 1 622,058 Skopje
94%
Polog 2 45,529 Gostivar
88%
Southwestern 1 39,855 Ohrid
88%
Southeastern 1 56,176 Strumica
88%
Polog 1 71,131 Tetovo
88%
Vardar 1 41,808 Veles
88%
Eastern 1 43,175 Štip
82%
Southeastern 3 16,664 Gevgelija
76%
Vardar 2 32,509 Kavadarci
71%
Southwestern 2 24,556 Kičevo
71%
Eastern 2 27,084 Kočani
71%
Vardar 3 12,620 Negotino
71%
Northeastern 2 13,948 Kriva Palanka
53%
Pelagonia 3 10,349 Resen
53%
Southwestern 3 17,210 Struga
53%
Eastern 3 13,076 Probištip
47%
Northeastern 3 7,157 Kratovo
41%
Southeastern 2 18,002 Radoviš
41%
Skopje 3 13,503 Dračevo
18%
Skopje 2 25,160 Čento
6%
Polog 3 15,035 Teartse
6%
No matching quizzes found
Score Distribution
Percent of People with Each Score
Percentile by Number Answered
Your Score History
You have not taken this quiz